UBT Library

Abridged Dewey decimal classification and relative index. (Record no. 40321)

000 -LEADER
fixed length control field 00516cam a2200205 4500
001 - CONTROL NUMBER
control field 2654881
005 - DATE AND TIME OF LATEST TRANSACTION
control field 20180116031150.0
008 - FIXED-LENGTH DATA ELEMENTS--GENERAL INFORMATION
fixed length control field 720526s1971 nyu 000 0 eng
010 ## - LIBRARY OF CONGRESS CONTROL NUMBER
LC control number 70164427
020 ## - INTERNATIONAL STANDARD BOOK NUMBER
International Standard Book Number 091060813X
040 ## - CATALOGING SOURCE
Original cataloging agency DLC
Transcribing agency DLC
Modifying agency DLC
041 ## - LANGUAGE CODE
Language code of text/sound track or separate title eng
080 ## - UNIVERSAL DECIMAL CLASSIFICATION NUMBER
Universal Decimal Classification number L 025.431 DEW
082 00 - DEWEY DECIMAL CLASSIFICATION NUMBER
Classification number L 025.431 DEW
100 1# - Rafti
Rafti 0
101 ## - Shkurtesa
Shkurtesa LIB
245 10 - TITLE STATEMENT
Title Abridged Dewey decimal classification and relative index.
906 ## - LOCAL DATA ELEMENT F, LDF (RLIN)
a 7
b cbc
c orignew
d 1
e ncip
f 19
g y-gencatlg
942 ## - ADDED ENTRY ELEMENTS (KOHA)
Source of classification or shelving scheme
Item type Books
Holdings
Withdrawn status Lost status Source of classification or shelving scheme Damaged status Not for loan Collection code Permanent location Current location Shelving location Date acquired Total Checkouts Full call number Barcode Date last seen Price effective from Koha item type
          Koleksioni i përgjithshem UBT - Lipjan UBT - Lipjan Koleksioni i përgjithshem 01/16/2018   L 025.431 DEW 002-2995380 01/16/2018 01/16/2018 Books
UBT Library © 2015-2024. All rights reserved University Education for Business and Technology